|
|
|
|
| LEADER |
00000nab a2200000ua 4500 |
| 001 |
vtls010791178 |
| 003 |
SK-MaSNL |
| 005 |
20260304030019.0 |
| 008 |
250310s2008 xo |||||||||||||||||slo| |
| 035 |
|
|
|a (urnnbn)urn:nbn:sk:snk:ar-a06977
|
| 035 |
|
|
|a (uuid)e06f0ef2-f941-4c81-a5ea-0460bcc03c20
|
| 035 |
|
|
|a urn:nbn:sk:snk-ab4wzr
|
| 040 |
|
|
|a SNKBUCL
|b slo
|c SNKBUCL
|e AACR2
|
| 041 |
0 |
|
|a slo
|
| 044 |
|
|
|a xo
|c SK
|
| 100 |
1 |
|
|a Lajtman, Erik,
|d 1972-
|4 aut
|9 26527
|
| 245 |
1 |
0 |
|a Ošetrovateľská starostlivosť o pacientku s diagnózou HELLP-syndróm
|c Erik Lajtman, Jarmila Líšková
|
| 246 |
3 |
|
|a Nursing care for a patient with HELLP syndrome
|
| 700 |
1 |
|
|a Líšková, Jarmila
|4 aut
|9 398460
|
| 773 |
0 |
|
|t Revue ošetrovateľstva, sociálnej práce a laboratórnych metodík : odborný časopis Slovenskej lekárskej spoločnosti - Slovenskej spoločnosti sestier a pôrodných asistentiek a Spoločnosti laborantov a asistentov v zdravotníctve
|g Roč. 14, č. 1 (2008), s. 8-10
|
| 958 |
|
|
|a OND
|
| 958 |
|
|
|a EUIPO
|
| 958 |
|
|
|a article3
|
| 999 |
|
|
|c 2631200
|d 2633130
|